02089nam a2200205 a 450000100080000000500110000800800410001910000180006024500960007826000150017430000100018950001030019952014730030265300220177565300150179765300160181265300270182865300100185565300180186511183222011-11-18 2010 bl uuuu m 00u1 u #d1 aVIEIRA, L. C. aCaracterizacao de germoplasma de milho crioulo e suas implicacoes no melhoramento genetico. a2010c2010 a80 f. aTese (Doutorado em Fitotecnia) - Universidade Federal do Rio Grande do SUl, 2010, Porto Alegre, RS aO objetivo deste trabalho foi analisar a variabilidade gen??tica de 44 acessos de variedades locais de milho coletados em Santa Catarina, mantidos no Banco Ativo de Germoplasma ??? BAG, da Embrapa Milho e Sorgo, em Sete Lagoas-MG. Foi realizada caracteriza????o fenot??pica e molecular, para obter informa????es sobre a diverg??ncia gen??tica. Para a avalia????o de caracteres morfo-agron??micos as variedades foram divididas em dois grupos, formando dois ensaios. As analises moleculares, foram realizadas com 16 marcadores moleculares do tipo microssat??lites (SSR) no Laborat??rio de Biologia Molecular do Departamento de Plantas de Lavoura da Universidade Federal do Rio Grande do Sul. Houve diferen??a estat??stica significativa para os seguintes caracteres: comprimento, largura e espessura de gr??o, peso m??dio e comprimento de espiga, n??mero de fileiras de gr??o por espiga, di??metros de espiga, sabugo e de medula, peso m??dio de gr??os/espiga, para os dois grupos de variedades, e houve signific??ncia para rendimento m??dio de gr??os, n??mero de gr??os por fileira e para di??metro da r??quis, apenas para o segundo grupo. A avalia????o molecular detectou 148 alelos em 16 locos analisados, e uma m??dia de 9,25 alelos por par de primers. Os tamanhos dos fragmentos variaram de 84 a 272 pares de base. Alguns primers amplificaram alelos que eram exclusivos de determinados gen??tipos, que poder??o ser usados para auxiliar em compara????es de gen??tipos. aAnalise molecular aDendograma aGermoplasma aMelhoramento gen??tico aMilho aMilho crioulo